Countries Farthest from Vietnam - Statistics

General Stats
  • This quiz has been taken 400 times
    247 since last reset
  • The average score is 13 of 18
Answer Stats
Distance Country % Correct
17,881 Brazil
98%
17,192 Argentina
94%
17,611 Chile
92%
17,924 Colombia
86%
18,272 Paraguay
83%
17,482 Guyana
82%
17,371 Suriname
82%
17,668 Venezuela
82%
18,481 Ecuador
81%
17,401 Uruguay
81%
17,311 Panama
79%
19,108 Bolivia
78%
19,366 Peru
78%
17,054 Costa Rica
63%
17,029 Trinidad and Tobago
47%
16,701 Barbados
35%
16,765 Saint Vincent and the Grenadines
35%
16,901 Grenada
32%
No matching quizzes found
Score Distribution
Percent of People with Each Score
Percentile by Number Answered
Your Score History
You have not taken this quiz since the last reset